Funkčná charakterizácia génov potrebných pre rast Neurospora crassa na octane
Saved in:
| Main Author: | |
|---|---|
| Other Authors: | |
| Format: | Manuscript Book |
| Language: | Slovak |
| Published: |
2024
|
| Subjects: | |
| Online Access: | http://is.stuba.sk/zp/portal_zp.pl?podrobnosti=176654 |
| Tags: |
No Tags, Be the first to tag this record!
|
MARC
| LEADER | 00000ntm a22000003a 4500 | ||
|---|---|---|---|
| 001 | stuzp99477 | ||
| 003 | SK-STU | ||
| 005 | 20240601210824.5 | ||
| 007 | ta | ||
| 008 | 150427s2015----xo-----f-mn---000-0-slo-d | ||
| 040 | |a STU |b slo | ||
| 041 | 0 | |a slo | |
| 100 | 1 | |a Repková, Kamila |u 043000 |4 aut |U FCHPT Fakulta chemickej a potravinárskej technológie |T FCHPT Ústav biochémie a mikrobiológie |X 104147 |U C3000 |Y 101 |7 104147 | |
| 242 | 0 | 1 | |a Functional analysis of genes required for Neurospora crassa growth on acetate |y eng |
| 245 | 1 | 0 | |a Funkčná charakterizácia génov potrebných pre rast Neurospora crassa na octane |
| 260 | |c 2024 | ||
| 650 | 4 | |a Neurospora crassa |2 slo | |
| 650 | 4 | |a acu-8 |2 slo | |
| 650 | 4 | |a Acetyl-CoA hydroláza |2 slo | |
| 650 | 4 | |a acu-8 |2 eng | |
| 650 | 4 | |a Acetyl-CoA hydrolase |2 eng | |
| 650 | 4 | |a Neurospora crassa |2 eng | |
| 700 | 1 | |a Kryštofová, Svetlana |u 043000 |k Z1 |4 ths |U FCHPT Fakulta chemickej a potravinárskej technológie |T FCHPT Ústav biochémie a mikrobiológie |X 55152 |U C3000 |Y 101 |7 A000055152 | |
| 856 | 4 | |u http://is.stuba.sk/zp/portal_zp.pl?podrobnosti=176654 | |